Antifungálna aktivita metabolitov izolátu 9b (Epicoccum sp.) z lignitu
Guardado en:
| Autor principal: | |
|---|---|
| Formato: | Libro |
| Lenguaje: | eslovaco |
| Publicado: |
Bratislava
STU FCHPT
2010
|
| Acceso en línea: | Ver en el OPAC |
| Etiquetas: |
Sin Etiquetas, Sea el primero en etiquetar este registro!
|
MARC
| LEADER | 00000nam a2200000 a 4500 | ||
|---|---|---|---|
| 005 | 20260127134133.0 | ||
| 008 | 100826 2010 xo 000 0 slo d | ||
| 035 | |a vtls010126464 | ||
| 039 | 9 | |a 201009031111 |b mschk03 |y 201008261114 |z mschk03 | |
| 040 | |a STUSCHK1 |b slo |c STUSCHK1 |e AACR2 | ||
| 100 | 1 | |a Cisárik, Tomáš | |
| 245 | 1 | |a Antifungálna aktivita metabolitov izolátu 9b (Epicoccum sp.) z lignitu |c Tomáš Cisárik | |
| 260 | |a Bratislava |b STU FCHPT |c 2010 | ||
| 300 | |a 17 s. |b il. |c 30 cm | ||
| 500 | |a Obháj.: 23.8. 2010 | ||
| 500 | |a Študijný program: biotechnológie | ||
| 500 | |a Študijný odbor: 5.2.25 biotechnológie | ||
| 500 | |a Bakalárska práca | ||
| 500 | |a FCHPT, Oddelenie biochémie a mikrobiológie | ||
| 500 | |a Evidenčné číslo: 5419-40346 | ||
| 910 | |a SCHK95 | ||
| 999 | |c 4907 |d 4907 | ||